Confronting Antisemitism from the Perspectives of Christianity, Islam, and Judaism (Record no. 89745)
[ view plain ]
| 000 -LEADER | |
|---|---|
| fixed length control field | 01336nam a2200277Ia 4500 |
| 000 - LEADER | |
| fixed length control field | 01977naaa 00421uu |
| 001 - CONTROL NUMBER | |
| control field | https://directory.doabooks.org/handle/20.500.12854/63626 |
| 005 - DATE AND TIME OF LATEST TRANSACTION | |
| control field | 20260218105610.0 |
| 008 - FIXED-LENGTH DATA ELEMENTS--GENERAL INFORMATION | |
| fixed length control field | 211013s9999 xx 000 0 und d |
| 024 ## - OTHER STANDARD IDENTIFIER | |
| Standard number or code | 10.1515/9783110671773 |
| 042 ## - AUTHENTICATION CODE | |
| Authentication code | dc |
| 245 #0 - TITLE STATEMENT | |
| Title | Confronting Antisemitism from the Perspectives of Christianity, Islam, and Judaism |
| 260 ## - PUBLICATION, DISTRIBUTION, ETC. | |
| Place of publication, distribution, etc. | Berlin/Boston |
| Name of publisher, distributor, etc. | De Gruyter |
| Date of publication, distribution, etc. | 2020 |
| 300 ## - PHYSICAL DESCRIPTION | |
| Extent | 1 electronic resource (340 p.) |
| 520 ## - SUMMARY, ETC. | |
| Summary, etc. | This volume engages with antisemitic stereotypes as religious symbols that express and transmit a belief system of Jew-hatred. These religious symbols are stored in Christian, Muslim and even today's secular cultural and religious memories. This volume explores how antisemitic religious symbol systems can play a key role in the construction of group identities. |
| 540 ## - TERMS GOVERNING USE AND REPRODUCTION NOTE | |
| Terms governing use and reproduction | Creative Commons |
| 653 ## - INDEX TERM--UNCONTROLLED | |
| Uncontrolled term | Traditions of antisemitism |
| 700 1# - ADDED ENTRY--PERSONAL NAME | |
| Personal name | Lange, Armin |
| 700 1# - ADDED ENTRY--PERSONAL NAME | |
| Personal name | Lange, Armin |
| 700 1# - ADDED ENTRY--PERSONAL NAME | |
| Personal name | Mayerhofer, Kerstin |
| 700 1# - ADDED ENTRY--PERSONAL NAME | |
| Personal name | Porat, Dina |
| 700 1# - ADDED ENTRY--PERSONAL NAME | |
| Personal name | Schiffman, Lawrence H. |
| 856 ## - ELECTRONIC LOCATION AND ACCESS | |
| Uniform Resource Identifier | <a href="https://docs.google.com/spreadsheets/d/1yKIrdCPDAG_9c22mwoOIO2DOhtj65Wqa/edit?usp=sharing&ouid=106555315294820607512&rtpof=true&sd=true ">https://docs.google.com/spreadsheets/d/1yKIrdCPDAG_9c22mwoOIO2DOhtj65Wqa/edit?usp=sharing&ouid=106555315294820607512&rtpof=true&sd=true </a> |
| Link text | List of Curated E-Books |
| 942 ## - ADDED ENTRY ELEMENTS (KOHA) | |
| Koha item type | E-Book |
No items available.